| 000 | 01122nam a2200253 a 4500 | ||
|---|---|---|---|
| 001 | 000006716 | ||
| 003 | DO-SdBNP | ||
| 005 | 20250307103002.0 | ||
| 007 | ta | ||
| 008 | 090902s1990 dr ac 000 0 spa d | ||
| 040 |
_aDO-SdBNP _bspa _cBNPHU |
||
| 082 | 4 |
_a338.97293 _bS471p _222 |
|
| 111 | 2 |
_aSeminario Pacto de Solidaridad Económica y sus Implicaciones Económicas, Sociales y Políticas _n12 : _d(1990: _cSanto Domingo) _918691 |
|
| 245 | 1 | 3 | _aEl pacto de la solidaridad económica y sus implicaciones económicas, sociales y políticas. |
| 260 |
_aSanto Domingo : _bAnje, _c1990. |
||
| 300 |
_a179 p. : _bil., retr. ; _c21 cm. |
||
| 590 | _aInventariado, 2018/BT | ||
| 651 | 4 |
_aRepública Dominicana _xPolítica económica _xCongresos, conferencias, etc. _912065 |
|
| 651 | 4 |
_aRepública Dominicana _xCondiciones económicas _xCongresos, conferencias, etc. _98547 |
|
| 651 | 4 |
_aRepública Dominicana _xCondiciones sociales _xCongresos, conferencias, etc. _918692 |
|
| 710 | 2 |
_aAsociación Nacional de Jóvenes Empresarios (República Dominicana) _918693 |
|
| 910 | _aValidado. Control de calidad. MFF | ||
| 942 |
_2ddc _cLBS1 |
||
| 999 |
_c6505 _d6505 |
||